000 03222 a2200325 4500
999 _c10922
_d10922
020 _a9781455726134 (hardback : alk. paper)
020 _a1455726133 (hardback : alk. paper)
020 _a9780808924500 (international edition : alk. paper)
020 _a0808924508 (international edition : alk. paper)
020 _a9780323266161 (professional edition : alk. paper)
020 _a0323266169 (professional edition : alk. paper)
050 0 0 _aRB111
_b.ROB 2015
100 _a Kumar, Vinay
_d1944-
_eauthor
245 0 0 _aRobbins and Cotran pathologic basis of disease /
_cedited by Vinay Kumar, Donald N. Pritzker, Abul K. Abbas, Jon C. Aster; with illustrations by James A. Perkins
250 _aNinth edition.
264 1 _aPhiladelphia, PA :
_bElsevier/Saunders,
_c2015.
300 _axvi, 1391 pages :
_billustrations (chiefly color) ;
336 _atext
_2rdacontent
_btxt
337 _aunmediated
_2rdamedia
_bn
338 _avolume
_2rdacarrier
_bnc
504 _aIncludes bibliographical references and index.
505 0 _aThe cell as a unit of health and disease -- Cellular responses to stress and toxic insults: adaptation, injury, and death -- Inflammation and repair -- Hemodynamic disorders, thromboembolic disease, and shock -- Genetic disorders -- Diseases of the immune system -- Neoplasia -- Infectious diseases -- Environmental and nutritional diseases -- Diseases of infancy and childhood -- Blood vessels -- The heart -- Diseases of white blood cells, lymph nodes, spleen, and thymus -- Red blood cell and bleeding disorders -- The lung -- Head and neck -- The gastrointestional tract -- Liver and gallbladder -- The pancreas -- The kidney -- The lower urinary tract and male genital system -- The female genital tract -- The breast -- The endocrine system -- The skin -- Bones, joints, and soft tissue tumors -- Peripheral nerves and skeletal muscles -- The central nervous system -- The eye.
520 _aDependable, current, and complete, Robbins and Cotran Pathologic Basis of Disease, 9th Edition is the perennially best-selling text that you'll use long after your medical student days are behind you. A world-class author team headed by Drs. Vinay Kumar, Abul Abbas, and Jon Aster, delivers the latest, most essential pathology knowledge in a readable, interesting manner, ensuring optimal understanding of the latest basic science and clinical content. High-quality photographs and full-color illustrations highlight new information in molecular biology, disease classifications, new drugs and drug therapies, and much more. Rely on uniquely authoritative and readable coverage, ideal for USMLE or specialty board preparation, as well as for course work. Simplify your study with an outstanding full-color, highly user-friendly design. Access the fully searchable contents of the book, plus interactive case studies, videos, self-assessment questions- all online at Student Consult
650 0 _aPathology.
650 1 2 _aPathologic Processes.
700 1 _aAbbas, Abul K.,
_eeditor.
700 1 _aAster, Jon C.,
_eeditor.
942 _2lcc
_cBK
_h111
_iROB
_kRB